La seguretat en el patrimoni històric local : el Mètode Arpa / el Mètode Arpa /
ISBN:
9788410278370
Descripción Física:
204 pàgines : il·lustracions (algunes en color) ; 24 cm
Colección:
Temes de seguretat
; 6
Materias:
Patrimoni cultural -- Protecció
Idioma:
Catalán
MARC
| LEADER | 00000nam a22000007a 4500 | ||
|---|---|---|---|
| 001 | 29012 | ||
| 003 | AGDB | ||
| 005 | 20260324181539.0 | ||
| 008 | 251110b spa||||| |||| 00| 0 cat d | ||
| 017 | |a B 8521-2025 | ||
| 020 | |a 9788410278370 | ||
| 100 | 1 | |a Molina Giralt, Glòria |e autor |9 72757 | |
| 245 | |a La seguretat en el patrimoni històric local : |b el Mètode Arpa / |c Glòria Molina i Giralt | ||
| 246 | |a Mètode Arpa | ||
| 260 | |a Barcelona : |b Diputació de Barcelona, |c 2025 | ||
| 300 | |a 204 pàgines : |b il·lustracions (algunes en color) ; |c 24 cm | ||
| 650 | 0 | |a Patrimoni cultural |x Protecció |2 lemac |9 52110 | |
| 830 | |a Temes de seguretat |9 68910 |v 6 | ||
| 856 | |u https://llibreria.diba.cat/es/libro/la-seguretat-en-el-patrimoni-historic-local_71752 |z Accés lliure | ||
| 942 | |2 udc |c ARXIU |n 1 | ||
| 952 | |0 0 |1 0 |2 udc |4 0 |6 BIB1373 |7 1 |9 98622 |a Arxiu |b Arxiu |d 2025-11-10 |l 0 |o Bib-1373 |p 29012 |r 2025-11-10 12:48:42 |w 2025-11-10 |y ARXIU | ||
| 999 | |c 130363 |d 130363 | ||